000 004630000a22001690004500
090 _aAR
_b02253
245 1 0 _aEthnobotanical observations on the cuna indians
650 1 4 _aIndígenas
_993177
650 1 4 _aCuna
_995766
650 1 4 _aMedicina tradicional
_994033
650 1 4 _aAntropología
_994371
651 4 _pColombia
_992749
041 0 _aInglés
100 1 _aDuke, James A.
_995767
942 _cARTICULO
773 1 _tEconomic Botany
_3274
_q278-293
_d1975
_g29
999 _c11325
_d11325